| 000 | 00362nam a2200145Ia 4500 | ||
|---|---|---|---|
| 008 | 241014s9999||||xx |||||||||||||| ||und|| | ||
| 020 | _a978-0-07-1792776 | ||
| 100 | _aMurray,Robrt K | ||
| 245 | 0 | _aHarper's Illustrated Biocheistry | |
| 250 | _a29 | ||
| 260 |
_aNorth America _bMcgraw Hill _c2012 |
||
| 300 | _a817 | ||
| 650 | _aBiochemistry | ||
| 942 |
_bION _cBK |
||
| 999 |
_c18995 _d18995 |
||